=LDR 00000nam 2200000 4500 =001 INLIS000000000037182 =005 20130612142926 =008 ***********************************Ind** =035 ##$$0010-061300000037182 =041 ##$$a Ind =082 ##$$a 371.042 =090 ##$$a 371.042, Mag a =100 ##$$a Magdalena, Maria =245 ##$$a Anakku tidak mau sekolah, jangan takut cobalah home schooling, Maria Magdalena ; editor, Dee Muiz =260 ##$$a 2010 $b Jakarta =300 ##$$a vii, 208 hlm, ilus, 18 cm =650 ##$$a Home Shooling =850 ##$$a NBPNMAT =990 ##$$a 0001/BPAP-NTB/20142015